Изучение природных каменных материалов и силикатного сырья, разработка эффективной техники и технологии производства (Запись № 11935865)

Подробности
000 -МАРКЕР
контрольное поле 01392nam0a2200289 4500
001 - ИДЕНТИФИКАТОР ЗАПИСИ
контрольное поле RU\NLR\BIBL_A\011489171
005 - ИДЕНТИФИКАТОР ВЕРСИИ
контрольное поле 20260407113700.0
035 ## - ДРУГИЕ СИСТЕМНЫЕ НОМЕРА
Идентификатор записи (NLR Aleph) 011489171
100 ## - ДАННЫЕ ОБЩЕЙ ОБРАБОТКИ
Данные общей обработки 20171005d1985 |||y0rusy50 ca
101 0# - ЯЗЫК РЕСУРСА
Язык текста, звукозаписи и т.д. русский
102 ## - СТРАНА ПУБЛИКАЦИИ ИЛИ ПРОИЗВОДСТВА
Страна публикации Российская Федерация
105 ## - ПОЛЕ КОДИРОВАННЫХ ДАННЫХ: ТЕКСТОВЫЕ МАТЕРИАЛЫ, МОНОГРАФИЧЕСКИЕ
Кодированные данные о монографическом текстовом документе a|||z|||000zy
200 1# - ЗАГЛАВИЕ И СВЕДЕНИЯ ОБ ОТВЕТСТВЕННОСТИ
Основное заглавие Изучение природных каменных материалов и силикатного сырья, разработка эффективной техники и технологии производства
Сведения, относящиеся к заглавию (сб. науч. тр.)
Первые сведения об ответственности М-во пром-сти строит. материалов Арм. СССР, Науч.-произв. об-ние "Камень и силикаты, НИИ камня и силикатов"
Последующие сведения об ответственности [ред. совет: Г.Г. Бабаян и др.]
210 ## - ПУБЛИКАЦИЯ, РАСПРОСТРАНЕНИЕ И ДР.
Место издания, распространения и т.д. Ереван
Имя издателя, распространителя и т. д. б. и.
Дата издания, распространения и т.д. 1985
215 ## - ФИЗИЧЕСКАЯ ХАРАКТЕРИСТИКА
Специфическое обозначение материала и объем 153 с.
Другие сведения о физической характеристике ил.
Размеры 20
606 ## - НАИМЕНОВАНИЕ ТЕМЫ КАК ПРЕДМЕТ
Наименование темы Силикаты
Формальный подзаголовок Сборники
Системный номер авторитетной/нормативной записи 954754
Идентификатор авторитетной/нормативной записи RU\NLR\AUTH\6636657
606 ## - НАИМЕНОВАНИЕ ТЕМЫ КАК ПРЕДМЕТ
Наименование темы Строительные камни
Формальный подзаголовок Сборники
Системный номер авторитетной/нормативной записи 1019282
Идентификатор авторитетной/нормативной записи RU\NLR\AUTH\6671533
686 1# - ИНДЕКСЫ ДРУГИХ КЛАССИФИКАЦИЙ
Индекс Л41я43
686 1# - ИНДЕКСЫ ДРУГИХ КЛАССИФИКАЦИЙ
Индекс Н31я43
702 #1 - ИМЯ ЛИЦА - ВТОРИЧНАЯ ОТВЕТСТВЕННОСТЬ
Начальный элемент ввода Бабаян
Часть имени, кроме начального элемента ввода Г.Г.
Код отношения Редактор
712 02 - НАИМЕНОВАНИЕ ОРГАНИЗАЦИИ - ВТОРИЧНАЯ ОТВЕТСТВЕННОСТЬ
Код отношения Прочие
Начальный элемент ввода НИИ камня и силикатов
Идентифицирующий признак Ереван
Идентификатор авторитетной/нормативной записи RU\NLR\AUTH\8810065710
Системный номер авторитетной/нормативной записи 633016
852 ## - МЕСТОНАХОЖДЕНИЕ И ШИФР ХРАНЕНИЯ
Идентификатор организации NLR
Шифр хранения (Call Number) 87-3/12871
942 ## - ДОПОЛНИТЕЛЬНЫЕ ЭЛЕМЕНТЫ ЗАПИСИ (АБИС)
Тип экземпляра АБИС Книга
980 ## - КОЛЛЕКЦИЯ
Название коллекции Национальная библиография

Нет доступных экземпляров.